000 00485nam a2200169Ia 4500
005 20250508161547.0
008 008 250505s9999 xx 000 0 eng d
037 _aReference
040 _aFEDL
_beng
_cFEDL
041 _aeng
_2eng
084 _a370.7, MUK
_qFEDL
100 _aMukerji S N Ed.
_9139415
245 0 _aEducation of teachers in India Vol. 2
260 _aDelhi, India
_bS Chand and Company
_c1968
942 _cREF
_h370.7, MUK
999 _c1370784
_d1370784